| 000 | 00721nac a22002411i 4500 | ||
|---|---|---|---|
| 003 | EG-ScBUE | ||
| 005 | 20230611133624.0 | ||
| 008 | 230611s2003 ua o f 000 0 eng d | ||
| 020 | _a977170902X | ||
| 040 |
_aEG-ScBUE _beng _erda _cEG-ScBUE _dEG-ScBUE |
||
| 082 | 0 | 4 |
_a591.962 _bMIK _222 |
| 100 | 1 |
_aMikhail, Gabriel, _eauthor. |
|
| 245 | 1 | 0 |
_aEgypt's wilderness / _cBabriel Mikhail. |
| 264 | 1 |
_aCairo : _bImage House, _c2003. |
|
| 300 |
_a56 pages : _bphotographs ; _c21 cm |
||
| 336 |
_2rdacontent _aنص _btxt |
||
| 337 |
_2rdamedia _aبدون وسيط _bn |
||
| 338 |
_2rdacarrier _aمجلد _bnc |
||
| 650 | 7 |
_aWild life. _2BUEsh |
|
| 650 | 7 |
_aZoology. _2BUEsh |
|
| 655 | _vReading book | ||
| 942 |
_cBB _2ddc |
||
| 999 |
_c2578 _d2578 |
||